[Event "Mittelfranken-chTB2b 1011"]
[Site "Germany"]
[Date "2010.09.26"]
[Round "1.8"]
[White "Junker, Christian"]
[Black "Ammon, Ronald"]
[Result "1/2-1/2"]
[WhiteElo "1714"]
[BlackElo "1659"]
[PlyCount "50"]
[EventDate "2010.09.26"]
[EventType "team-tourn"]
[EventRounds "9"]
[EventCountry "GER"]
[SourceTitle "EXT 2012"]
[Source "ChessBase"]
[SourceDate "2011.11.24"]
[SourceVersion "1"]
[SourceVersionDate "2011.11.24"]
[SourceQuality "1"]
[WhiteTeam "Neumarkt"]
[BlackTeam "Nuernberg SK 1911 II"]
[WhiteTeamCountry "GER"]
[BlackTeamCountry "GER"]

1. e4 Nc6 2. d4 d5 3. e5 Bf5 4. Nf3 e6 5. Bd3 Nge7 6. c3 Qd7 7. 0-0 h6 8. Na3 Bxd3 9. Qxd3 Ng6 10. Nc2 Na5 11. Nfe1 c5 12. f4 cxd4 13. cxd4 Ne7 14. Ne3 g6 15. Bd2 Nac6 16. Rc1 h5 17. Nf3 Nf5 18. Nxf5 gxf5 19. Rc2 Be7 20. Rfc1 a6 21. Qb3 0-0 22. Qe3 Kh7 23. Ng5+ Kh6 24. h4 Rae8 25. a3 f6 1/2-1/2

[Event "Mittelfrankenliga-B2b 0607"]
[Site "Mittelfranken"]
[Date "2007.01.14"]
[Round "4.7"]
[White "Ammon, Ronald"]
[Black "Schoenberger, Andreas"]
[Result "1-0"]
[WhiteElo "1817"]
[BlackElo "1914"]
[PlyCount "75"]
[EventDate "2006.10.22"]
[EventType "team-tourn"]
[EventRounds "9"]
[EventCountry "GER"]
[SourceTitle "EXT 2011"]
[Source "ChessBase"]
[SourceDate "2010.11.26"]
[SourceVersion "1"]
[SourceVersionDate "2010.11.26"]
[SourceQuality "1"]
[WhiteTeam "Nuernberg SK 1911 II"]
[BlackTeam "Buechenbach/Roth"]
[WhiteTeamCountry "GER"]
[BlackTeamCountry "GER"]

1. d4 Nf6 2. Nf3 g6 3. c4 Bg7 4. Nc3 0-0 5. e3 d5 6. cxd5 Nxd5 7. Bd2 Nc6 8. a3 a6 9. Rc1 Re8 10. Nxd5 Qxd5 11. Bc4 Qe4 12. Qb3 e6 13. 0-0 Rb8 14. Rfd1 Qf5 15. d5 Ne5 16. Nxe5 Bxe5 17. Bb4 b5 18. Be2 exd5 19. Qxd5 Bb7 20. Qd7 Qg5 21. Qg4 Qh6 22. f4 Bxb2 23. Rxc7 a5 24. Bc5 Bc8 25. Qf3 Qh4 26. Qc6 Bg4 27. g3 Qh5 28. Bxg4 Qxg4 29. Qd7 Qe6 30. Qxe6 Rxe6 31. Rdd7 Rf6 32. e4 b4 33. axb4 axb4 34. e5 Rf5 35. Rb7 Rxb7 36. Rxb7 Bc3 37. Rb8+ Kg7 38. Bf8+ 1-0

[Event "Mittelfranken-chT 0405"]
[Site "Germany"]
[Date "2004.12.19"]
[Round "4.8"]
[White "Krausser, Hans"]
[Black "Ammon, Ronald"]
[Result "1/2-1/2"]
[WhiteElo "1897"]
[BlackElo "1755"]
[PlyCount "82"]
[EventDate "2004.10.17"]
[EventType "team"]
[EventRounds "9"]
[EventCountry "GER"]
[SourceTitle "EXT 2007"]
[Source "ChessBase"]
[SourceDate "2006.11.23"]
[SourceVersion "1"]
[SourceVersionDate "2006.11.23"]
[SourceQuality "1"]

1. e4 Nc6 2. Nc3 e5 3. Nf3 d6 4. h3 Be7 5. Bc4 Be6 6. Bb3 Nf6 7. d3 Nd4 8. Nxd4 exd4 9. Ne2 c5 10. 0-0 Nd7 11. Bxe6 fxe6 12. Nf4 Kf7 13. Qg4 Nf6 14. Qxe6+ Ke8 15. Nd5 Nxd5 16. exd5 Qd7 17. Re1 Qxe6 18. Rxe6 Kd7 19. Bd2 Rhe8 20. Rae1 b5 21. b3 Bf6 22. Rxe8 Rxe8 23. Rxe8 Kxe8 24. g4 g5 25. f4 h6 26. Kg2 Kf7 27. Kf3 b4 28. Be1 Kg6 29. Bg3 Be7 30. Ke4 a6 31. f5+ Kf6 32. Be1 Bd8 33. Bd2 Bb6 34. Bc1 Bc7 35. a4 a5 36. Bd2 Bd8 37. Be1 Bc7 38. Bf2 Bb6 39. h4 Ba7 40. hxg5+ hxg5 41. Bg3 Bb8 1/2-1/2